[Event "Chess Legion Inaugural Tournament"]
[Site "SchemingMind.com"]
[Date "2006.12.21"]
[Round "-"]
[White "green knight"]
[Black "russellhead"]
[Result "1-0"]
[WhiteCountry "INT"]
[BlackCountry "USA"]
[WhiteElo "1807"]
[WhiteRD "88"]
[BlackElo "1450"]
[BlackRD "69"]
[GameID "83186"]

1. Nf3 d5 2. g3 c5 3. d3 e6 4. Bg2 Bd6 5. O-O Nf6 6. Nbd2 Na6 7. b3 O-O 8. Bb2 b5 9. e4 Bb7 10. e5 Bc7
11. exf6 gxf6 12. Nh4 Be5 13. Bxe5 fxe5 14. c4 Nb4 15. Ndf3 dxc4 16. dxc4 Qd3 17. Nxe5 Qxd1 18. Rfxd1 Rad8 19. Bxb7 Nc2 20. Rac1 Nd4
21. Nc6 Nxc6 22. Bxc6
1-0

[Event "Chess Legion Inaugural Tournament"]
[Site "SchemingMind.com"]
[Date "2006.12.21"]
[Round "-"]
[White "russellhead"]
[Black "green knight"]
[Result "0-1"]
[WhiteCountry "USA"]
[BlackCountry "INT"]
[WhiteElo "1422"]
[WhiteRD "99"]
[BlackElo "1857"]
[BlackRD "101"]
[GameID "83187"]

1. d4 e6 2. e4 d5 3. Nc3 dxe4 4. Nxe4 Bd7 5. g3 Bc6 6. f3 Nf6 7. Bg5 Nbd7 8. c3 Be7 9. Bd3 Nxe4 10. Bxe7 Qxe7
11. fxe4 f5 12. Qf3 Nf6 13. h4 fxe4 14. Qe3 exd3 15. Rh2 Ng4 16. Qd2 Nxh2 17. O-O-O Nf3 18. Qxd3 Nxg1 19. Rxg1 O-O-O 20. Re1 a6
21. c4 Qf6
0-1

[Event "Chess Legion Inaugural Tournament"]
[Site "SchemingMind.com"]
[Date "2006.12.23"]
[Round "-"]
[White "e_castle3"]
[Black "green knight"]
[Result "1/2-1/2"]
[WhiteCountry "PHI"]
[BlackCountry "INT"]
[WhiteElo "1737"]
[WhiteRD "67"]
[BlackElo "1813"]
[BlackRD "86"]
[GameID "83463"]

1. e4 e6 2. d4 d5 3. exd5 exd5 4. Nf3 Nc6 5. Be2 Bd6 6. O-O Nf6 7. Re1 O-O 8. Bg5 Be7 9. Nc3 Ne4 10. Bxe7 Nxe7
11. Bd3 Nxc3 12. bxc3 Ng6 13. Qd2 Be6 14. Ng5 Bd7 15. c4 h6 16. Nf3 c6 17. cxd5 cxd5 18. Rab1 b6 19. Ne5 Nxe5 20. Rxe5 Be6
21. Rb3 Qd6 22. Bb5 a6 23. Bf1 b5 24. Rg3 Kh8 25. Rh5 Bd7 26. Qg5 Rg8 27. f4 f5 28. Bd3 Raf8=
1/2-1/2

[Event "Chess Legion Inaugural Tournament"]
[Site "SchemingMind.com"]
[Date "2006.12.23"]
[Round "-"]
[White "e_castle3"]
[Black "russellhead"]
[Result "1-0"]
[WhiteCountry "PHI"]
[BlackCountry "USA"]
[WhiteElo "1756"]
[WhiteRD "73"]
[BlackElo "1517"]
[BlackRD "70"]
[GameID "83464"]

1. d4 d5 2. Nf3 c5 3. c3 e6 4. Bf4 Nc6 5. e3 Nf6 6. Nbd2 c4 7. Be2 Bd6 8. Bg3 Be7 9. O-O b5 10. b3 Ba3
11. Qc2 O-O 12. e4 a5 13. e5 Nh5 14. Ne1 Nxg3 15. fxg3 b4 16. bxc4 dxc4 17. Nxc4 Nxd4 18. cxd4 Qxd4+ 19. Kh1 Qxa1 20. Qe4 Qxa2
21. Bd3 g6 22. Qxa8 b3 23. Qxa5 b2 24. Nf3 Qa1 25. Qxa3 Qxf1+ 26. Bxf1 b1=Q 27. Qd3 Qxd3 28. Bxd3 Ba6 29. Nb2 Bxd3 30. Nxd3 Rd8
31. Nf2 Ra8 32. h4 Ra2 33. Ne4 h5 34. Nf6+ Kf8 35. Kh2 Ke7 36. g4 hxg4 37. Nxg4 Ra4 38. Kg3 Ra8 39. Nf6 Rh8 40. Ne4 Rd8
41. Kf4 Rd1 42. g4 Rf1 43. Nd2 f6 44. Nxf1 fxe5+ 45. Nxe5 Kf6 46. g5+ Kg7 47. Ne3 Kh7 48. N3g4 Kg7 49. Nf6 Kh8 50. Nxg6+ Kg7
51. h5 e5+ 52. Nxe5 Kh8 53. Nd5 Kh7 54. Kf5 Kh8 55. Kg6 Kg8 56. Nf6+ Kf8 57. h6 Ke7 58. h7 Ke6 59. Nf7 Ke7 60. h8=Q Ke6
61. Qe8#
1-0

[Event "Chess Legion Inaugural Tournament"]
[Site "SchemingMind.com"]
[Date "2006.12.26"]
[Round "-"]
[White "green knight"]
[Black "e_castle3"]
[Result "0-1"]
[WhiteCountry "INT"]
[BlackCountry "PHI"]
[WhiteElo "1786"]
[WhiteRD "86"]
[BlackElo "1725"]
[BlackRD "70"]
[GameID "83465"]

1. Nf3 Nc6 2. g3 g6 3. e4 e5 4. Bg2 Bg7 5. O-O Nf6 6. d3 O-O 7. Nbd2 d6 8. h3 Bd7 9. Re1 Qc8 10. h4 Bh3
11. Nh2 Bxg2 12. Kxg2 Nd4 13. Ndf3 Ne6 14. Rh1 c6 15. Ng5 Rd8 16. Nxe6 Qxe6 17. Qe2 d5 18. Bg5 h6 19. Bxf6 Bxf6 20. Ng4 Bg7
21. Raf1 d4 22. b3 f5 23. Nh2 c5 24. f4 exf4 25. gxf4 Qc6 26. Kg1 Re8 27. e5 Re6 28. Nf3 Rae8 29. Qg2 b5 30. h5 Kf7
31. Nh4 Qxg2+ 32. Kxg2 g5 33. Nxf5 Kg8 34. Nxg7 Kxg7 35. fxg5 hxg5 36. h6+ Rxh6 37. Rxh6 Kxh6 38. Re1= Kg6 39. Re4 Kf5 40. Kg3 Rxe5
41. Rxe5+ Kxe5 42. Kg4 Kf6 43. a3 a5
0-1

[Event "Chess Legion Inaugural Tournament"]
[Site "SchemingMind.com"]
[Date "2006.12.26"]
[Round "-"]
[White "russellhead"]
[Black "e_castle3"]
[Result "1-0"]
[WhiteCountry "USA"]
[BlackCountry "PHI"]
[WhiteElo "1509"]
[WhiteRD "63"]
[BlackElo "1764"]
[BlackRD "68"]
[GameID "83466"]

1. d4 d5 2. Nf3 Nf6 3. Bf4 Bf5 4. e3 e6 5. Nbd2 Bd6 6. Ne5 O-O 7. c4 c6 8. c5 Bc7 9. g3 Nbd7 10. Bg2 b6
11. Nxc6
1-0

[Event "Chess Legion Inaugural Tournament"]
[Site "SchemingMind.com"]
[Date "2006.12.26"]
[Round "-"]
[White "markakeen"]
[Black "e_castle3"]
[Result "1-0"]
[WhiteCountry "GBR"]
[BlackCountry "PHI"]
[WhiteElo "2007"]
[WhiteRD "79"]
[BlackElo "1764"]
[BlackRD "68"]
[GameID "83476"]

1. e4 e5 2. Nf3 Nc6 3. Bc4 Bc5 4. c3 Nf6 5. d3 O-O 6. O-O d6 7. b4 Bb6 8. a4 a6 9. Bg5 h6 10. Bh4 g5
11. Bg3 Bg4 12. Nbd2 Nh5 13. Kh1 Kh7 14. h3 Be6 15. Qb3 Qe7 16. Bxe6 fxe6 17. Nc4 Ba7 18. b5 axb5 19. axb5 d5 20. bxc6
1-0

[Event "Chess Legion Inaugural Tournament"]
[Site "SchemingMind.com"]
[Date "2006.12.23"]
[Round "-"]
[White "markakeen"]
[Black "green knight"]
[Result "1/2-1/2"]
[WhiteCountry "GBR"]
[BlackCountry "INT"]
[WhiteElo "2020"]
[WhiteRD "90"]
[BlackElo "1807"]
[BlackRD "88"]
[GameID "83477"]

1. e4 e6 2. d4 d5 3. e5 c5 4. dxc5 Bxc5 5. Qg4 Ne7 6. Bd3 g6 7. Nf3 Nf5 8. O-O Nc6 9. Bxf5 exf5 10. Qg3 Be6
11. Nbd2 Be7 12. Nb3 Qc7 13. c3 O-O-O 14. Nbd4 Nxd4 15. Nxd4 Bc5 16. Bg5 Rde8 17. Bf6 Rhg8 18. Rfc1 Kb8 19. Nb5 Qd7 20. Nd6 Bxd6
21. exd6 Rc8 22. a4 Rc6 23. b4 b6 24. Be7=
1/2-1/2

[Event "Chess Legion Inaugural Tournament"]
[Site "SchemingMind.com"]
[Date "2006.12.23"]
[Round "-"]
[White "markakeen"]
[Black "russellhead"]
[Result "1-0"]
[WhiteCountry "GBR"]
[BlackCountry "USA"]
[WhiteElo "2007"]
[WhiteRD "79"]
[BlackElo "1509"]
[BlackRD "63"]
[GameID "83478"]

1. e4 e6 2. d4 d5 3. e5 c5 4. dxc5 Bxc5 5. Qg4 Bf8 6. Bd3 h6 7. Nd2 Nc6 8. Ngf3 b6 9. O-O Nge7 10. Nb3 g6
11. Nbd4 Bb7 12. c4 dxc4 13. Bxc4 h5 14. Qe4 Na5 15. Bb5+ Nec6 16. Nxc6 Qd7 17. Nxa5 Bxe4 18. Bxd7+ Kxd7 19. Nc4 Rc8 20. Rd1+ Bd5
21. Ne3 Rc5 22. Nxd5 exd5 23. Be3 Rc2 24. Rxd5+ Kc7 25. Rc1 Rxc1+ 26. Bxc1 Bb4 27. Bd2 Rd8 28. Rxd8 Kxd8 29. Bxb4
1-0

[Event "Chess Legion Inaugural Tournament"]
[Site "SchemingMind.com"]
[Date "2006.12.26"]
[Round "-"]
[White "e_castle3"]
[Black "markakeen"]
[Result "0-1"]
[WhiteCountry "PHI"]
[BlackCountry "GBR"]
[WhiteElo "1764"]
[WhiteRD "68"]
[BlackElo "2007"]
[BlackRD "79"]
[GameID "83479"]

1. Nf3 Nf6 2. d4 g6 3. c4 Bg7 4. Nc3 O-O 5. e4 d6 6. Bd3 Nbd7 7. O-O c5 8. d5 Ng4 9. h3 Nge5 10. Be2 Nxf3+
11. Bxf3 a6 12. a4 f5 13. Bg5 Ne5 14. Be2 fxe4 15. Nxe4 h6 16. Bh4 Rf4
0-1

[Event "Chess Legion Inaugural Tournament"]
[Site "SchemingMind.com"]
[Date "2006.12.23"]
[Round "-"]
[White "green knight"]
[Black "markakeen"]
[Result "0-1"]
[WhiteCountry "INT"]
[BlackCountry "GBR"]
[WhiteElo "1796"]
[WhiteRD "86"]
[BlackElo "2007"]
[BlackRD "79"]
[GameID "83480"]

1. Nf3 Nf6 2. g3 g6 3. Bg2 Bg7 4. O-O O-O 5. d3 d5 6. Nbd2 c5 7. c4 e6 8. Rb1 Nc6 9. a3 a5 10. Re1 Re8
11. h4 b6 12. e4 dxe4 13. Nxe4 Bb7 14. Be3 Nxe4 15. dxe4 e5 16. Qxd8 Raxd8 17. Rbd1 Nd4 18. Nxd4 exd4 19. Bf4 Be5 20. Bxe5 Rxe5
21. f4 Re7 22. e5 Bxg2 23. Kxg2 Rde8 24. Kf2 Kg7 25. Re4 f6 26. Rde1 fxe5 27. Rxe5= Rxe5 28. fxe5 Kf7 29. Kf3 Ke6 30. Ke4 Rf8
31. g4 Rf2 32. b3 h6 33. Kd3 Rf3+ 34. Kc2 Rf4 35. g5 hxg5 36. hxg5 Rf5
0-1

[Event "Chess Legion Inaugural Tournament"]
[Site "SchemingMind.com"]
[Date "2006.12.23"]
[Round "-"]
[White "russellhead"]
[Black "markakeen"]
[Result "0-1"]
[WhiteCountry "USA"]
[BlackCountry "GBR"]
[WhiteElo "1450"]
[WhiteRD "69"]
[BlackElo "2020"]
[BlackRD "90"]
[GameID "83481"]

1. d4 Nf6 2. Nf3 g6 3. Bf4 Bg7 4. e3 O-O 5. c3 d6 6. Nbd2 Nbd7 7. Bd3 a6 8. O-O c5 9. Ng5 e5 10. dxe5 dxe5
11. Bg3 b5 12. Nde4 Nxe4 13. Bxe4 Rb8 14. Qd6 Rb6 15. Qd1 Qxg5 16. h4 Qe7 17. Qf3 Nf6 18. Rad1 Nxe4 19. Qxe4 Rd6 20. Rd5 Rxd5
21. Qxd5 Bb7 22. Qd2 Rd8 23. Qe2 Qd6 24. h5 Qd5 25. Rd1 Qxg2#
0-1

[Event "Chess Legion Inaugural Tournament"]
[Site "SchemingMind.com"]
[Date "2006.12.26"]
[Round "-"]
[White "jtrochez1"]
[Black "e_castle3"]
[Result "0-1"]
[WhiteCountry "HON"]
[BlackCountry "PHI"]
[WhiteElo "1511"]
[WhiteRD "47"]
[BlackElo "1764"]
[BlackRD "68"]
[GameID "83488"]

1. e4 e5 2. Nf3 Nc6 3. Bb5 d6 4. Nc3 a6 5. Bxc6+ bxc6 6. h3 Nf6 7. d3 Be7 8. d4 exd4 9. Nxd4 Bb7 10. Nf5 O-O
11. O-O Re8 12. Be3 Bf8 13. Bg5 h6 14. Bh4 g5 15. Bg3 Nxe4 16. Nxe4 Rxe4 17. Qh5 Qf6 18. f3 Re2 19. f4 Rae8 20. fxg5 Qxg5
21. Qxg5+ hxg5 22. Rac1 c5 23. Bf2 Kh7 24. Ng3 R2e5 25. Nh5 Kg6 26. Ng3 f5 27. Rfe1 Rxe1+ 28. Rxe1 Rxe1+ 29. Bxe1 Bg7 30. c3 f4
31. Ne2 Bd5 32. a3= Bc4 33. Kf1 Kf5 34. Bd2 Ke4 35. Ke1 Kd3 36. Kd1 Bb3+ 37. Ke1 Kc2 38. Bc1 Bc4 39. Kf2 Bxe2 40. Kxe2 Kxc1
41. Kd3 Kxb2 42. a4 Bxc3 43. Kc4 c6 44. Kd3 d5 45. Ke2 c4
0-1

[Event "Chess Legion Inaugural Tournament"]
[Site "SchemingMind.com"]
[Date "2006.12.28"]
[Round "-"]
[White "jtrochez1"]
[Black "green knight"]
[Result "0-1"]
[WhiteCountry "HON"]
[BlackCountry "INT"]
[WhiteElo "1529"]
[WhiteRD "47"]
[BlackElo "1807"]
[BlackRD "88"]
[GameID "83489"]

1. e4 e6 2. Nf3 d5 3. exd5 exd5 4. d4 Nc6 5. h3 Nf6 6. Bd3 Bd6 7. a3 Qe7+ 8. Be3 h6 9. Nc3 a6 10. O-O Be6
11. Qd2 Qd7 12. Rfe1 O-O-O 13. Kf1 Rhe8 14. Ng1 g5 15. Qe2 g4 16. Bxa6 gxh3 17. Bxb7+ Kxb7 18. Qb5+ Ka8 19. Nxh3 Bxh3 20. gxh3 Qxh3+
21. Ke2 Nxd4+
0-1

[Event "Chess Legion Inaugural Tournament"]
[Site "SchemingMind.com"]
[Date "2006.12.23"]
[Round "-"]
[White "jtrochez1"]
[Black "russellhead"]
[Result "1-0"]
[WhiteCountry "HON"]
[BlackCountry "USA"]
[WhiteElo "1529"]
[WhiteRD "47"]
[BlackElo "1450"]
[BlackRD "69"]
[GameID "83490"]

1. e4 e6 2. Nf3 c5 3. Bc4 Nc6 4. d4 cxd4 5. Nxd4 Nf6 6. Nxc6 bxc6 7. e5 d5 8. Bd3 Qa5+ 9. Bd2 Bb4 10. exf6 gxf6
11. c3 Bd6 12. a4 Ba6 13. Qf3 f5 14. b4 Qb6 15. a5 Qc7 16. Bxa6 Ke7 17. Be2 Rhg8 18. Qh3 Rg6 19. Bh5 Rg7 20. Bh6 Rgg8
21. Nd2 Rab8 22. O-O Rb5 23. Rae1 Bxb4 24. cxb4 Rxb4 25. a6 Rgb8 26. Qxf5 Rh4 27. Rxe6+ fxe6 28. Qg5+ Kd7 29. Qxh4 c5 30. Qf6 Rb4
31. Qf7+ Kc6 32. Qxe6+ Kb5 33. Be8+ Ka5 34. Ra1+
1-0

[Event "Chess Legion Inaugural Tournament"]
[Site "SchemingMind.com"]
[Date "2006.12.23"]
[Round "-"]
[White "jtrochez1"]
[Black "markakeen"]
[Result "0-1"]
[WhiteCountry "HON"]
[BlackCountry "GBR"]
[WhiteElo "1529"]
[WhiteRD "47"]
[BlackElo "2020"]
[BlackRD "90"]
[GameID "83491"]

1. e4 c5 2. Nf3 Nc6 3. Nc3 g6 4. Be2 Bg7 5. d4 cxd4 6. Nxd4 Nxd4 7. Bd2 Nxe2 8. Qxe2 d6 9. O-O Nf6 10. h3 O-O
11. Rad1 b6 12. b3 Bb7 13. a4 Rc8 14. Be1 Qc7 15. Rc1 a6 16. b4 Qc4 17. Qxc4 Rxc4 18. b5 axb5 19. axb5 Nxe4 20. Ne2 Rfc8
21. f3 Nc3 22. Nxc3 Bxc3 23. Bxc3 Rxc3 24. Rf2 Bd5 25. Kh2 Bb3 26. Re2 Rxc2 27. Rcxc2 Rxc2 28. Rxc2 Bxc2 29. Kg3 Bd3
0-1

[Event "Chess Legion Inaugural Tournament"]
[Site "SchemingMind.com"]
[Date "2006.12.26"]
[Round "-"]
[White "e_castle3"]
[Black "jtrochez1"]
[Result "1-0"]
[WhiteCountry "PHI"]
[BlackCountry "HON"]
[WhiteElo "1764"]
[WhiteRD "68"]
[BlackElo "1511"]
[BlackRD "47"]
[GameID "83492"]

1. Nf3 Nc6 2. e4 e5 3. Bb5 d6 4. O-O Bd7 5. c3 a6 6. Ba4 Be7 7. d4 Bg4 8. Be3 Nf6 9. Bc2 Qd7 10. d5 Na7
11. h3 Bxf3 12. Qxf3 c6 13. c4 Qc7 14. Nc3 b5 15. b3 h6 16. Qe2 Qb7 17. f4 Nd7 18. Rf3 f6 19. Rg3 O-O-O 20. Rxg7 Bf8
21. Rf7 Rg8 22. Bxa7 Qxa7+ 23. Kh1 Rg3 24. Nd1 Qd4 25. Rc1 Re8 26. dxc6 Be7 27. cxd7+ Kxd7 28. Nf2 Reg8 29. Ng4 exf4 30. Rd1 Qc3
31. c5 f3 32. gxf3 Rxh3+ 33. Kg2 Rxf3 34. Qxf3 Qxf3+ 35. Kxf3 h5 36. Nxf6+
1-0

[Event "Chess Legion Inaugural Tournament"]
[Site "SchemingMind.com"]
[Date "2006.12.28"]
[Round "-"]
[White "green knight"]
[Black "jtrochez1"]
[Result "1-0"]
[WhiteCountry "INT"]
[BlackCountry "HON"]
[WhiteElo "1807"]
[WhiteRD "88"]
[BlackElo "1529"]
[BlackRD "47"]
[GameID "83493"]

1. e4 c5 2. Nf3 d6 3. g3 Nc6 4. Bg2 e5 5. O-O Nf6 6. d3 Bg4 7. Bg5 Be7 8. Nc3 O-O 9. Ne2 Bxf3 10. Bxf3 Qc7
11. h4 h6 12. Be3 Kh7 13. Kg2 Nd4 14. Bxd4 cxd4 15. Qd2 Rab8 16. Rh1 Ng8 17. g4 Qd8 18. g5 g6 19. Rag1 f6 20. gxh6 Nxh6
21. Kf1 f5 22. exf5 Rxf5 23. Be4 Rf6 24. h5
1-0

[Event "Chess Legion Inaugural Tournament"]
[Site "SchemingMind.com"]
[Date "2006.12.23"]
[Round "-"]
[White "russellhead"]
[Black "jtrochez1"]
[Result "0-1"]
[WhiteCountry "USA"]
[BlackCountry "HON"]
[WhiteElo "1450"]
[WhiteRD "69"]
[BlackElo "1529"]
[BlackRD "47"]
[GameID "83494"]

1. d4 d5 2. Nf3 Nc6 3. Bg5 Qd6 4. c3 e6 5. e3 Be7 6. Bf4 Qd8 7. Bd3 Bf6 8. O-O Nge7 9. Nbd2 O-O 10. Nb3 b6
11. Bb1 h6 12. Qd3 Ng6 13. Nh4 Bxh4 14. g3 Be7 15. h4 f5 16. g4 Bxh4 17. f3 Nxf4 18. exf4 Be7 19. Bc2 a5 20. Kg2 Ba6
21. Qd1 Bxf1+ 22. Qxf1 Bd6 23. Qd3 Bxf4 24. Rh1 Qf6 25. gxf5 Qg5+ 26. Kf1 exf5 27. Rg1 Qh4 28. Qe2 Rae8
0-1

[Event "Chess Legion Inaugural Tournament"]
[Site "SchemingMind.com"]
[Date "2006.12.23"]
[Round "-"]
[White "markakeen"]
[Black "jtrochez1"]
[Result "1-0"]
[WhiteCountry "GBR"]
[BlackCountry "HON"]
[WhiteElo "2020"]
[WhiteRD "90"]
[BlackElo "1529"]
[BlackRD "47"]
[GameID "83495"]

1. e4 c5 2. Nf3 d6 3. d4 cxd4 4. Nxd4 e5 5. Nb3 h6 6. Nc3 Nf6 7. Bc4 a6 8. O-O Bd7 9. Qf3 b5 10. Bd5 Bc6
11. Rd1 Be7 12. Qg3 Bf8 13. Qf3 Be7 14. a3 Bxd5 15. Nxd5 Nxd5 16. Rxd5 Qc7 17. Qe2 Nd7 18. f3 Nf6 19. Rd3 Rc8 20. Rc3 Qd7
21. Rxc8+ Qxc8 22. c3 Qc4 23. Qxc4 bxc4 24. Nd2 O-O 25. Nxc4 Nd7 26. b4 Rc8 27. Ne3 Rxc3 28. Nd5 Rd3 29. Nxe7+ Kf8 30. Nd5 f5
31. Kf2 fxe4 32. fxe4 Rd4 33. Ke3 Nf6 34. Nxf6 gxf6 35. Bb2 Rc4 36. Rc1 Rxc1 37. Bxc1 h5 38. a4 Ke8 39. b5 axb5 40. axb5 Kd7
41. Kd3 Kc7 42. Kc4
1-0

[Event "Chess Legion Inaugural Tournament"]
[Site "SchemingMind.com"]
[Date "2006.12.23"]
[Round "-"]
[White "fourluxflakes"]
[Black "jtrochez1"]
[Result "1-0"]
[WhiteCountry "ENG"]
[BlackCountry "HON"]
[WhiteElo "1894"]
[WhiteRD "76"]
[BlackElo "1529"]
[BlackRD "47"]
[GameID "83502"]

1. e4 c5 2. Nf3 d6 3. Bb5+ Bd7 4. Bxd7+ Nxd7 5. O-O e5 6. c3 Ngf6 7. Re1 h6 8. d4 cxd4 9. cxd4 Be7 10. Nc3 a6
11. h3 O-O 12. Be3 b5 13. Nd2 Nb6 14. d5 Qb8 15. Ne2 Bd8 16. Ng3 Nfxd5 17. exd5 Nxd5 18. Qg4 Nxe3 19. Rxe3 Bg5 20. Nf5 Ra7
21. h4 f6 22. hxg5 fxg5 23. Ne4 Qd8 24. Nfxd6 Rf4 25. Qe6+ Kh8 26. Qc8 Qxc8 27. Nxc8 Raf7 28. Ncd6 Rf8 29. Rc1 g4 30. Rc8 Rxc8
31. Nxc8 Rf8 32. Ne7 Kh7 33. Nc5 a5 34. Rxe5
1-0

[Event "Chess Legion Inaugural Tournament"]
[Site "SchemingMind.com"]
[Date "2006.12.26"]
[Round "-"]
[White "fourluxflakes"]
[Black "e_castle3"]
[Result "1-0"]
[WhiteCountry "ENG"]
[BlackCountry "PHI"]
[WhiteElo "1842"]
[WhiteRD "74"]
[BlackElo "1737"]
[BlackRD "67"]
[GameID "83503"]

1. e4 e5 2. Bc4 Nc6 3. Nf3 Bc5 4. O-O Nf6 5. d3 d6 6. c3 Bb6 7. Nbd2 Be6 8. Re1 O-O 9. d4 Bxc4 10. Nxc4 exd4
11. cxd4 Re8 12. Nxb6 axb6 13. Qd3 h6 14. Bd2 Nd7 15. h3 Qf6 16. Bc3 Qg6 17. Nh4 Qh5 18. Nf5 Nf6 19. Re3 b5 20. Rg3 g5
21. Re1 b4 22. Bd2 Qg6 23. Nxh6+ Qxh6 24. Bxg5 Qh5 25. Bxf6+ Kf8 26. Rg5 Qh7 27. Qg3 Ne7 28. e5 dxe5 29. Bg7+ Kg8 30. Bxe5+ Kf8
31. Qb3 Nc6 32. Rg7 Qf5 33. Qg3 Ne7 34. Rg5 Qh7 35. Bxc7 f6 36. Rg4 Kf7 37. Qb3+ Kf8 38. Bd6 Ra6 39. Qxb4 Qf7 40. Rge4 f5
41. Bxe7+
1-0

[Event "Chess Legion Inaugural Tournament"]
[Site "SchemingMind.com"]
[Date "2006.12.28"]
[Round "-"]
[White "fourluxflakes"]
[Black "green knight"]
[Result "1-0"]
[WhiteCountry "ENG"]
[BlackCountry "INT"]
[WhiteElo "1894"]
[WhiteRD "76"]
[BlackElo "1807"]
[BlackRD "88"]
[GameID "83504"]

1. e4 e6 2. Nf3 d5 3. e5 Bd7 4. c3 c5 5. b4 cxb4 6. d4 bxc3 7. Nxc3 Ne7 8. Bd3 Nbc6 9. O-O Nf5 10. Be3 Nxe3
11. fxe3 Be7 12. h3 a6 13. Nh2 f6 14. Qh5+ Kf8 15. exf6 Bxf6 16. g4 Be8 17. Qh4 Ke7 18. Qg3 b5 19. g5
1-0

[Event "Chess Legion Inaugural Tournament"]
[Site "SchemingMind.com"]
[Date "2006.12.23"]
[Round "-"]
[White "fourluxflakes"]
[Black "russellhead"]
[Result "1-0"]
[WhiteCountry "ENG"]
[BlackCountry "USA"]
[WhiteElo "1901"]
[WhiteRD "84"]
[BlackElo "1422"]
[BlackRD "99"]
[GameID "83505"]

1. e4 e6 2. Nf3 c5 3. d4 cxd4 4. Nxd4 Nf6 5. Nc3 Nc6 6. Be3 Bb4 7. Bd3 d5 8. Nxc6 bxc6 9. e5 Ng4 10. Qxg4 g6
11. O-O Bxc3 12. bxc3 a6 13. Bg5 Qa5 14. Bf6 O-O 15. Qg5 Qxc3 16. Qh6 Qxe5 17. Qg7#
1-0

[Event "Chess Legion Inaugural Tournament"]
[Site "SchemingMind.com"]
[Date "2006.12.23"]
[Round "-"]
[White "fourluxflakes"]
[Black "markakeen"]
[Result "1/2-1/2"]
[WhiteCountry "ENG"]
[BlackCountry "GBR"]
[WhiteElo "1894"]
[WhiteRD "76"]
[BlackElo "2020"]
[BlackRD "90"]
[GameID "83506"]

1. e4 c5 2. Nf3 Nc6 3. Bb5 e6 4. O-O Nf6 5. Re1 Be7 6. c3 Qb6 7. Bxc6 Qxc6 8. Qe2 O-O 9. d4 d6 10. Bg5 h6
11. Bh4 b5 12. e5 dxe5 13. dxe5 Nd5 14. Bxe7 Nxe7 15. Nbd2 Bb7 16. Qe4 Qxe4 17. Nxe4 Bxe4 18. Rxe4 Rfd8 19. Re2 Rd7=
1/2-1/2

[Event "Chess Legion Inaugural Tournament"]
[Site "SchemingMind.com"]
[Date "2006.12.23"]
[Round "-"]
[White "jtrochez1"]
[Black "fourluxflakes"]
[Result "0-1"]
[WhiteCountry "HON"]
[BlackCountry "ENG"]
[WhiteElo "1529"]
[WhiteRD "47"]
[BlackElo "1894"]
[BlackRD "76"]
[GameID "83507"]

1. e4 Nf6 2. Nc3 d5 3. exd5 Nxd5 4. Nxd5 Qxd5 5. Nf3 Bg4 6. Be2 Nc6 7. c3 e5 8. h3 Bh5 9. O-O O-O-O 10. c4 Qd7
11. a3 f6 12. b4 g5 13. Nh2 Bxe2 14. Qxe2 Nd4 15. Qd1 h5 16. f3 f5 17. Bb2 g4 18. Re1 gxh3 19. g3 Qg7 20. g4 hxg4
21. fxg4 Rg8 22. Bxd4 Rxd4 23. Qf3 fxg4 24. Qf5+ Kb8 25. d3 g3 26. Nf3 h2+ 27. Kg2 Bd6 28. Nxd4 exd4 29. c5 Rf8 30. Re6 a6
31. Qe4 Rf2+
0-1

[Event "Chess Legion Inaugural Tournament"]
[Site "SchemingMind.com"]
[Date "2006.12.26"]
[Round "-"]
[White "e_castle3"]
[Black "fourluxflakes"]
[Result "1-0"]
[WhiteCountry "PHI"]
[BlackCountry "ENG"]
[WhiteElo "1737"]
[WhiteRD "67"]
[BlackElo "1842"]
[BlackRD "74"]
[GameID "83508"]

1. e4 Nf6 2. e5 Nd5 3. d4 d6 4. c4 Nb6 5. f4 dxe5 6. fxe5 g6 7. Nf3 Bg7 8. Nc3 O-O 9. Be2 c5 10. d5 Bg4
11. Bf4 N8d7 12. Nd2 Bxe2 13. Qxe2 Qb8 14. Nf3 f6 15. exf6 Qxf4 16. fxg7 Kxg7 17. O-O Qxc4 18. Qxe7+ Kh6 19. Rae1 Rae8 20. Qg5+ Kg7
21. Nh4 Qd4+ 22. Kh1 Rxe1 23. Rxe1 Qf2 24. Re7+ Rf7 25. Rxf7+ Qxf7 26. Nf3 Qf6 27. Qg3 Nc4 28. Qc7 Ne5 29. Ne4 Qf4 30. Ned2 Kh6
31. Qxb7 Nf6 32. Qe7 Nxf3 33. Nxf3 Qc1+ 34. Ng1 Nxd5 35. Qf8+ Kg5 36. h4+ Kxh4 37. Qd8+ g5 38. Qxd5 g4 39. Qe4 h5 40. Kh2 Kg5
41. Ne2 Qxb2 42. Qf4+ Kg6 43. Ng3 Qf6 44. Qxf6+ Kxf6 45. Ne4+
1-0

[Event "Chess Legion Inaugural Tournament"]
[Site "SchemingMind.com"]
[Date "2006.12.28"]
[Round "-"]
[White "green knight"]
[Black "fourluxflakes"]
[Result "0-1"]
[WhiteCountry "INT"]
[BlackCountry "ENG"]
[WhiteElo "1807"]
[WhiteRD "88"]
[BlackElo "1894"]
[BlackRD "76"]
[GameID "83509"]

1. e4 Nf6 2. d3 e5 3. Nf3 Nc6 4. g3 Bc5 5. Bg2 d6 6. O-O O-O 7. Nbd2 Bg4 8. Re1 Nd7 9. Nf1 f5 10. exf5 Bxf5
11. Ne3 Be6 12. c3 Qf6 13. b4 Bxe3 14. Rxe3 Rf7 15. Re2 Bg4 16. Ng5 Bxe2 17. Qxe2 Rff8 18. Ne4 Qg6 19. Ng5 Nf6 20. Ne4 Ne7
21. Nxf6+ Qxf6 22. c4 Nf5 23. Bb2 Rab8 24. b5 Nd4 25. Bxd4 exd4 26. Bd5+ Kh8 27. f4 Rbe8 28. Qh5 g6 29. Qg5 Qxg5 30. fxg5 b6
31. Rf1 Rxf1+ 32. Kxf1 Re5 33. h4 Re3 34. Be4 Rxg3 35. Kf2 Rh3
0-1

[Event "Chess Legion Inaugural Tournament"]
[Site "SchemingMind.com"]
[Date "2006.12.23"]
[Round "-"]
[White "russellhead"]
[Black "fourluxflakes"]
[Result "0-1"]
[WhiteCountry "USA"]
[BlackCountry "ENG"]
[WhiteElo "1450"]
[WhiteRD "69"]
[BlackElo "1894"]
[BlackRD "76"]
[GameID "83510"]

1. d4 Nf6 2. Nf3 g6 3. Bf4 Bg7 4. e3 O-O 5. c3 d6 6. Bd3 Nbd7 7. Nbd2 c5 8. O-O a6 9. Ne4 Nxe4 10. Bxe4 cxd4
11. exd4 Nf6 12. Bb1 Bg4 13. h3 Bf5 14. Bxf5 gxf5 15. Qb3 Qd7 16. Rae1 e6 17. Qa3 Rad8 18. Nd2 Nh5 19. Bg5 f6 20. Bh4 Kh8
21. Nc4 b5 22. Qxa6 bxc4 23. Qxc4 Nf4 24. a4 Qb7 25. f3 Qxb2 26. Rf2 Qa3 27. Ra2 d5 28. Rxa3 dxc4 29. a5 Ra8 30. Ra4 Rfc8
31. a6 Rc7 32. Bg3 e5 33. Bxf4 exf4 34. a7 Rcc8 35. d5 Bf8 36. Kf1 Bc5 37. Rxc4 Rxa7 38. Rxf4 Ra2 39. Rc4 Rf2+ 40. Kg1 Re2+
41. Kf1 Rxe1+ 42. Kxe1 Bf2+ 43. Kxf2 Rxc4
0-1

[Event "Chess Legion Inaugural Tournament"]
[Site "SchemingMind.com"]
[Date "2006.12.23"]
[Round "-"]
[White "markakeen"]
[Black "fourluxflakes"]
[Result "1/2-1/2"]
[WhiteCountry "GBR"]
[BlackCountry "ENG"]
[WhiteElo "2020"]
[WhiteRD "90"]
[BlackElo "1894"]
[BlackRD "76"]
[GameID "83511"]

1. e4 Nf6 2. e5 Nd5 3. d4 d6 4. Nf3 Bg4 5. Be2 c6 6. c4 Nb6 7. b3 Bxf3 8. Bxf3 dxe5 9. dxe5 e6 10. O-O Qxd1
11. Rxd1 N8d7 12. Bf4 Be7 13. Nc3 Nc5 14. g3 O-O 15. Ne4 Nxe4 16. Bxe4 Rad8 17. Be3 Rxd1+ 18. Rxd1 Rd8 19. Rxd8+=
1/2-1/2